Quizzes
Events
Quiz Creation
Community
Videos
Private Events
Remove Ads
Sign In
Join for FREE
Feedback
Dark Mode
Quiz Categories
Sports
Geography
Music
Movies
Television
Just For Fun
Miscellaneous
History
Literature
Language
Science
Gaming
Entertainment
Religion
Holiday
For Kids
Quiz Lab
Recent
Popular Today
Quiz Kudos Today
Editor Picks
Curator Picks
Quizzes by...
Day
Popularity
Type
Ratings
Length
Year
Community
Subscriptions
Recent Discussions
Orange Saloon
Badges
Playlists
Quests
Create
Leaderboards
Showdown
Live 5
Trivia Bingo
Activity
Puzzle Library
Sporcle Events
Private Events
Virtual Trivia
Globe League
Become a Host
Pub Owners
SporcleCon
Opinionation
Our Games
Videos
Blog
Mobile Apps
Partnerships
Remove Ads and Go Orange
Feedback
Sports
Athletes
MLB
NBA
NHL
NFL
Soccer
Sports Teams
WWE
NCAA
Football
Premier League
Basketball
Baseball
Hockey
Golf
Tennis
Cricket
Rugby
Auto Racing
Olympics
World Cup
Sports
Athletes
MLB
NBA
NHL
NFL
Soccer
Sports Teams
WWE
NCAA
Football
Premier League
Basketball
Baseball
Hockey
Golf
Tennis
Cricket
Rugby
Auto Racing
Olympics
World Cup
Random Quiz
Search Sporcle
×
Quiz Lab
Quiz Lab
Sports
WWE
Type in answers that appear in a list
Type in answers that appear in a list
Classic
Best Score? Go Orange.
NWA Georgia/National Heavyweight Champions Stats
Can you name the NWA Georgia/National Heavyweight Champions?
By
mephisto
10m
63 Questions
901 Plays
901 Plays
901 Plays
Comments
Comments
Give Quiz Kudos
Give Quiz Kudos
-
- Ratings
hide this ad
More Info
Replay
Link that replays current quiz
Next Quiz
Link to next quiz in quiz playlist
You Got
0%
They Got
Avg Score
72%
Avg Friend Score
Upgrade to see
Score Distribution
Jump to the score distribution portion of the page
Score
0/63
Timer
10:00
0
Plays Today
Year
Wrestler
% Correct
1976
Dusty Rhodes
92.9%
1985
Dusty Rhodes
92.9%
1979
Tommy Rich
90.9%
1981
Tommy Rich
90.9%
1981
Tommy Rich
90.9%
1981
Tommy Rich
90.9%
1982
Tommy Rich
90.9%
1982
Tommy Rich
90.9%
1983
Tommy Rich
90.9%
1986
Nikita Koloff
86.2%
1979
Wahoo McDaniel
82.9%
1979
Wahoo McDaniel
82.9%
1986
Wahoo McDaniel
82.9%
1982
Buzz Sawyer
81.6%
1984
Ron Garvin
81.6%
1986
Tully Blanchard
81%
1983
Ted Dibiase
79.5%
1984
Ted Dibiase
79.5%
1984
Brad Armstrong
76.8%
1984
Brad Armstrong
76.8%
1979
Masked Superstar
76.7%
1979
Masked Superstar
76.7%
1979
Masked Superstar
76.7%
1981
Masked Superstar
76.7%
1981
Masked Superstar
76.7%
1982
Paul Orndorff
76.7%
1982
Paul Orndorff
76.7%
1982
Masked Superstar
76.7%
1982
Paul Orndorff
76.7%
1983
Paul Orndorff
76.7%
1976
Mr. Wrestling II
75.8%
1977
Mr. Wrestling II
75.8%
Year
Wrestler
% Correct
1978
Mr. Wrestling II
75.8%
1978
Mr. Wrestling II
75.8%
1980
Mr. Wrestling II
75.8%
1976
Dick Slater
73.4%
1976
Dick Slater
73.4%
1977
Dick Slater
73.4%
1977
Dick Slater
73.4%
1977
Paul Jones
70.5%
1980
Tony Atlas
69.6%
1985
Terry Taylor
67%
1977
Stan Hansen
66.4%
1978
Stan Hansen
66.4%
1982
Ron Bass
65.4%
1976
The Spoiler
64.4%
1976
The Spoiler
64.4%
1983
Larry Zbyszko
64.4%
1984
The Spoiler
64.4%
1984
The Spoiler
64.4%
1980
Austin Idol
63.9%
1985
Black Bart
63.4%
1983
Killer Tim Brooks
59.3%
1985
Buddy Landell
58.5%
1981
Ken Patera
57.5%
1982
Super Destroyer
55.4%
1980
Steve Keirn
53.1%
1979
Killer Karl Kox
51.4%
1982
Killer Karl Kox
51.4%
1980
Dennis Condrey
47.9%
1980
Baron Von Raschke
47.4%
1983
Brett Wayne
46.1%
1978
Angelo Mosca
39.7%
Quiz Playlist
Details
Report
Send in Message
Add To Playlist
More Info:
Name the wrestlers who held the NWA Georgia/National heavyweight championship from 1976-1986
Classic:
Type in answers that appear in a list
Quiz Source
Last Updated: Feb 16, 2017
Quiz Scoreboard
CHALLENGE
Sign Up to Join the Scoreboard
Show All
Scores
Hide
Comments
May contain spoilers
Recently Published
9x9 Crossword: Cartoon Network
by jackfrog10
Miscellaneous
3m
College Basketball Coaching Resumes
by pancakes188
Sports
9m
Billboard Blitz: Fleetwood Mac
by CooCooCachoo
Music
15s
More to Explore
Quiz From the Vault
Featured Blog Post
Where Did the Easter Bunny Come From?
hide this ad
You Might Also Like...
Tags
WWE Quiz
champion
Georgia (State)
Heavyweight
national
NWA
Wrestling
Wrestling Champions
WWF
Today's Top Quizzes in Sports
Browse Sports
hide this ad
Today's Top Quizzes in WWE
Browse WWE
Top Contributed Quizzes in Sports
1
2022 World Cup Stars
2
Les meilleurs buteurs des matchs entre le PSG et l’OM
3
FIFA Club World Cup Champions
4
Les entraîneurs de l'OM et du PSG au 21e siècle
5
Criteria MLB: Left Handed Sluggers
6
AFC Teams Reveal (Wrong Answers Minefield)
7
2023 MLB Unique Player Accomplishments
8
5-to-1: FBS Animal Nicknames
9
Players with Multiple 50 Home Run Seasons
10
5-to-1: UK Sports Teams
Explore More
Trending Topics
Marvel
Anime
Crossword
NBA
Kpop
Disney
Harry Potter
Pokémon
WWE
The Office
Country
Song
Soccer
Puzzle
NFL
hide this ad
More By:
mephisto
Quiz
Plays
Rating
Category
Featured
Created
WWE Top 50 Superstars of All-Time (clickable)
4,523
4.11
Sports
Aug 4, 2012
ECW Heavyweight Wrestling Champions (clickable)
2,860
4.60
Sports
Aug 2, 2012
NWA/WCW World TV Champions
2,017
5.00
Sports
Feb 21, 2016
World Champions Not in WWE Hall of Fame
1,899
4.17
Sports
Feb 5, 2016
NWA Georgia/National Heavyweight Champions
901
5.00
Sports
Jan 30, 2012
Go to Creator's Profile
Score Distribution
Quiz Creator Spotlight
mephisto
Follow
Send a Message
Quizzes Created
-
Created Quiz Play Count
-
More By This Creator
Popular Quizzes Today
1
Find the US States - No Outlines Minefield
2
Find the Countries of Europe - No Outlines Minefield
3
The Countries of the World
4
Find the US States
5
Risky Map Clicking: Biggest States A-Z
6
US States
7
Popular People in 1961
8
Movies - When Are They Set?
More Sports Quizzes
NBA: 2,000 Point Seasons for 2 Teams
Published
Trending Quizzes
Risky Map Clicking: Least Populous States A-Z
1-10 Letter G Words
1-10 Letter F Words
Risky Map Clicking: Next State Alphabetically
Adjectives in 80s TV Shows
Recently Updated
Leaping Animals
pecheneg
Reality TV Shows (A-Z)
bhenderson79
Rickey Henderson's Hall of Fame Teammates
pecheneg
Champions League XIs: Arsenal
pecheneg
Quick Pick: Celebrities in WWE's Hall of Fame
aduchscher
A-Z Keypad Blitz II
pecheneg
Multiple Oscar Actors
pecheneg
Mystery Phrase Blitz: Oscar 'Best Actors'
pecheneg
F. Scott Fitzgerald Novels
LTH
Pick 3 Villains
ddd62291
Trending Topics
Kpop
Disney
Anime
Crossword
Harry Potter
NBA
Marvel
Puzzle
WWE
The Office
NFL
Country
Song
Pokémon
Soccer
Your Account Isn't Verified!
In order to create a playlist on Sporcle, you need to verify the email address you used during registration. Go to your
Sporcle Settings
to finish the process.
Report this User
Report this user for behavior that violates our
Community Guidelines
.
Details:
Send Report
Go to the Sporcle.com Mobile Site →
Comments